[Event "Schwaebische Meisterschaft 2024 A"]
[Site "Augsburg"]
[Date "2024.05.09"]
[Round "1.1"]
[White "Vuong, Anh-Tu"]
[Black "Herb, Stefan"]
[Result "0-1"]
[WhiteElo "1998"]
[BlackElo "2121"]
[Time "10:00:00"]
[WhiteTeam "TSV Landsberg 1882"]
[BlackTeam "SAbt TSV Haunstetten"]

1.d4 Nf6 2.c4 e6 3.g3 c5 4.d5 exd5 5.cxd5 d6 6.Bg2 g6 7.Nc3 Bg7 8.Nf3 O-O 
9.O-O Re8 10.Bf4 a6 11.a4 b6 12.Re1 Nh5 13.Bg5 Qc7 14.Qd2 Nd7 15.Bh6 Bh8 
16.h3 Rb8 17.Rac1 Ne5 18.g4 Nf6 19.Nxe5 Rxe5 20.Bf4 Re8 21.e4 Nd7 22.Bg3 
b5 23.axb5 Ne5 24.f4 Nc4 25.Qe2 axb5 26.Nxb5 Rxb5 27.Qxc4 Qb6 28.e5 Rb4 
29.Qe2 Ba6 30.Qf2 Rxb2 31.Rc2 Rb1 32.Kh2 Rxe1 33.Qxe1 Bd3 34.Rc1 c4 35.Qc3
g5 36.Qd2 Qd4 37.Bf2 Qxf4+ 38.Qxf4 gxf4 39.exd6 Rd8 40.Bc5 Be5 41.Kg1 c3 
42.Bf1 Bg6 43.Bb5 Bxd6 44.Rxc3 Be5 45.Bb6 Rb8 46.Rc6 Rxb6 0-1

[Event "Schwaebische Meisterschaft 2024 A"]
[Site "Augsburg"]
[Date "2024.05.09"]
[Round "1.2"]
[White "Kottmair, Toni"]
[Black "Luhn, Robert"]
[Result "1/2-1/2"]
[WhiteElo "2121"]
[BlackElo "1988"]
[Time "10:00:00"]
[WhiteTeam "SK Koenigsbrunn"]
[BlackTeam "SK Caissa Augsburg"]

1.Nf3 d5 2.e3 Nf6 3.c4 c6 4.Nc3 e6 5.b3 g6 6.Be2 Qa5 7.Bb2 Bg7 8.O-O O-O 
9.a3 dxc4 10.Bxc4 Nbd7 11.d4 b5 12.b4 Qb6 13.Be2 Bb7 14.Qb3 a5 15.Ng5 axb4
16.axb4 Nd5 17.Nge4 f5 18.Nc5 Nxc5 19.dxc5 Qc7 20.Nxd5 exd5 21.g3 Rfb8 22.
Bc3 Bc8 23.Qb2 Bxc3 24.Qxc3 Qg7 25.Qxg7+ Kxg7 26.Rfb1 Kf6 27.f4 Ra4 28.Bd1
Raa8 29.Kf2 Bb7 30.Bb3 Rxa1 31.Rxa1 Ra8 32.Rxa8 Bxa8 33.h3 Bb7 34.Kf3 Bc8 
35.Bc2 h5 36.Ke2 Bd7 37.Kd3 Be6 38.Bd1 Bf7 39.Kd4 Bg8 40.Be2 Bf7 41.Bf3 
Ke6 42.g4 h4 43.g5 Be8 44.Bd1 Bd7 45.Bf3 1/2-1/2

[Event "Schwaebische Meisterschaft 2024 A"]
[Site "Augsburg"]
[Date "2024.05.09"]
[Round "1.3"]
[White "Filin, Denys"]
[Black "Poniatowski, Pawel"]
[Result "1/2-1/2"]
[WhiteElo "1946"]
[BlackElo "2058"]
[Time "10:00:00"]
[WhiteTeam "SK Kriegshaber"]
[BlackTeam "SK Klosterlechfeld"]

1.Nf3 Nf6 2.d4 d5 3.e3 c5 4.c3 Ne4 5.Bd3 Nc6 6.Nbd2 cxd4 7.exd4 Nd6 8.O-O 
Bf5 9.Bxf5 Nxf5 10.Re1 e6 11.Qc2 Be7 12.Nf1 O-O 13.Ng3 Nh4 14.Nxh4 Bxh4 
15.Qe2 Bg5 16.Qg4 Bxc1 17.Raxc1 Kh8 18.Nh5 g6 19.Nf4 Rc8 20.Re3 Nxd4 21.
Nxg6+ fxg6 22.Qxd4+ Qf6 23.Qxf6+ Rxf6 24.Rce1 Rc6 25.g4 g5 26.Re5 h6 27.
Kg2 Kg7 28.h4 gxh4 29.Rh5 d4 30.Rb5 dxc3 31.Rxb7+ Rf7 32.Rxf7+ Kxf7 33.
bxc3 Rxc3 34.Re2 Kf6 35.f3 a5 36.Kf2 a4 37.Kg2 a3 38.Kf2 Rc1 39.Kg2 Rb1 
40.Kh3 Rb2 41.Re4 Rxa2 42.Ra4 Ra1 43.Kg2 a2 44.f4 h3+ 45.Kh2 Ke7 46.Ra5 
Kd6 47.Ra8 Ke7 48.Ra7+ Kf6 49.Ra4 Kg6 50.Ra5 Kf6 51.Ra4 1/2-1/2

[Event "Schwaebische Meisterschaft 2024 A"]
[Site "Augsburg"]
[Date "2024.05.09"]
[Round "1.4"]
[White "Kamenskyi, Dmytro"]
[Black "Belevtsov, Vladimir"]
[Result "1/2-1/2"]
[WhiteElo "2045"]
[BlackElo "1941"]
[Time "10:00:00"]
[WhiteTeam "SK Kriegshaber"]
[BlackTeam "SK Kriegshaber"]

1.e4 e6 2.Nf3 d5 3.exd5 exd5 4.d4 Bd6 5.c4 c6 6.Nc3 Ne7 7.Bg5 f6 8.Be3 O-O
9.cxd5 cxd5 10.Qb3 Bc7 11.Bd3 Nbc6 12.O-O Bg4 13.Nd2 Qd6 14.g3 1/2-1/2

[Event "Schwaebische Meisterschaft 2024 A"]
[Site "Augsburg"]
[Date "2024.05.09"]
[Round "1.5"]
[White "Holuba, Stefan"]
[Black "Weichlein, Paul"]
[Result "0-1"]
[WhiteElo "1902"]
[BlackElo "2039"]
[Time "10:00:00"]
[WhiteTeam "SK Caissa Augsburg"]
[BlackTeam "SAbt TSV Haunstetten"]

1.e4 c5 2.Nf3 d6 3.d4 cxd4 4.Nxd4 Nf6 5.Nc3 g6 6.Be2 Bg7 7.O-O O-O 8.Bf3 
Nc6 9.Nxc6 bxc6 10.e5 dxe5 11.Qxd8 Rxd8 12.Bxc6 Rb8 13.Ne4 Nxe4 14.Bxe4 
Ba6 15.Re1 Rb4 16.f3 Rb6 17.c3 Bb7 18.Bc2 a5 19.Rb1 Bd5 20.b3 f5 21.Be3 
Rbd6 22.c4 Be6 23.Rbd1 f4 24.Bc5 Rd2 25.Bxe7 R8d7 26.Rxd2 Rxd2 27.Bb1 Bf5 
28.Bxf5 gxf5 29.Rc1 e4 30.c5 Bd4+ 31.Kf1 Rf2+ 32.Ke1 Rxg2 33.c6 Rg1+ 0-1

[Event "Schwaebische Meisterschaft 2024 A"]
[Site "Augsburg"]
[Date "2024.05.09"]
[Round "1.6"]
[White "Glaser, Christian"]
[Black "Schoenwetter, Martin"]
[Result "0-1"]
[WhiteElo "2025"]
[BlackElo "1902"]
[Time "10:00:00"]
[WhiteTeam "BC Aichach"]
[BlackTeam "SG Augsburg 1873"]

1.d4 d5 2.c4 e6 3.Nc3 c6 4.Nf3 dxc4 5.a4 Bb4 6.e3 b5 7.Bd2 a5 8.axb5 Bxc3 
9.Bxc3 cxb5 10.b3 Bb7 11.bxc4 b4 12.Bb2 Nf6 13.Bd3 O-O 14.O-O Nbd7 15.Nd2 
Nc5 16.Bc2 Nce4 17.f3 Nxd2 18.Qxd2 Qe7 19.Qd3 g6 20.e4 Rfc8 21.Bb3 Nd7 22.
f4 Nb6 23.f5 a4 24.c5 Ba6 25.Qh3 Bxf1 26.Rxf1 axb3 27.cxb6 Rc2 28.f6 Qf8 
29.Qxb3 Re2 30.e5 Rc8 31.Rc1 Rxc1+ 32.Bxc1 Re1+ 0-1

[Event "Schwaebische Meisterschaft 2024 A"]
[Site "Augsburg"]
[Date "2024.05.09"]
[Round "1.7"]
[White "Blodig, Vincent"]
[Black "Hornung, Hans, Dr."]
[Result "1-0"]
[WhiteElo "1900"]
[BlackElo "2013"]
[Time "10:00:00"]
[WhiteTeam "SF Augsburg"]
[BlackTeam "SK Klosterlechfeld"]

1.e4 c5 2.Nf3 a6 3.d4 cxd4 4.Nxd4 Nf6 5.Nc3 e5 6.Nde2 Bc5 7.Ng3 d6 8.Be2 
Be6 9.O-O h6 10.Nd5 Bxd5 11.exd5 O-O 12.a3 Nbd7 13.Nf5 e4 14.b4 Ba7 15.
Nxd6 Ne5 16.Nf5 Qd7 17.Ng3 b5 18.Be3 Rfd8 19.Bxa7 Qxa7 20.d6 Qd7 21.a4 
bxa4 22.c4 Qxd6 23.Qxd6 Rxd6 24.Rxa4 Rc8 25.c5 Rd2 26.Bxa6 Ra8 27.b5 Nd3 
28.Rc4 Ne5 29.Rc3 Ned7 30.Bb7 Raa2 31.Nxe4 Rdc2 32.c6 Nxe4 33.cxd7 Rd2 34.
Rc8+ 1-0

[Event "Schwaebische Meisterschaft 2024 A"]
[Site "Augsburg"]
[Date "2024.05.09"]
[Round "2.1"]
[White "Herb, Stefan"]
[Black "Schoenwetter, Martin"]
[Result "1/2-1/2"]
[WhiteElo "2121"]
[BlackElo "1902"]
[Time "16:00:00"]
[WhiteTeam "SAbt TSV Haunstetten"]
[BlackTeam "SG Augsburg 1873"]

1.Nf3 d5 2.e3 Nf6 3.b3 e6 4.Bb2 Be7 5.Be2 O-O 6.O-O c5 7.c4 Nc6 8.d3 Qc7 
9.Nbd2 b6 10.Rc1 Bb7 11.Qc2 Rac8 12.Rfd1 Rfd8 13.cxd5 Nxd5 14.Ne4 Qb8 15.
Qb1 Ba6 16.a3 Bf8 17.Neg5 g6 18.Qa1 Na5 19.Nd2 Nc6 20.Nc4 Re8 21.Ne5 Nxe5 
22.Bxe5 Bd6 23.Bxd6 Qxd6 24.Ne4 Qe7 25.Bf1 e5 26.Nc3 Nf6 27.Rd2 Bb7 28.
Rcd1 Ng4 29.h3 Nf6 30.Qb2 a6 31.b4 cxb4 32.axb4 b5 33.d4 Rxc3 34.Qxc3 Ne4 
35.Qb2 Nxd2 36.Rxd2 exd4 37.Qxd4 Rc8 38.Qa7 Qc7 1/2-1/2

[Event "Schwaebische Meisterschaft 2024 A"]
[Site "Augsburg"]
[Date "2024.05.09"]
[Round "2.2"]
[White "Weichlein, Paul"]
[Black "Blodig, Vincent"]
[Result "0-1"]
[WhiteElo "2039"]
[BlackElo "1900"]
[Time "16:00:00"]
[WhiteTeam "SAbt TSV Haunstetten"]
[BlackTeam "SF Augsburg"]

1.d4 Nf6 2.c4 e6 3.g3 d5 4.Nf3 Bb4+ 5.Nbd2 O-O 6.a3 Bd6 7.c5 Be7 8.Ne5 
Nbd7 9.Ndf3 Ne4 10.Nxd7 Bxd7 11.Bg2 b6 12.b4 a5 13.Bb2 axb4 14.axb4 bxc5 
15.bxc5 Bf6 16.O-O Nxc5 17.Ba3 Ba4 18.Qe1 Nb3 19.Bxf8 Nxa1 20.Bxg7 Kxg7 
21.Qxa1 c5 22.Ne5 Bb5 23.Qb2 Bxe5 24.dxe5 Bc4 25.Re1 Ra2 26.Qc1 Rxe2 27.
Rxe2 Bxe2 28.Qxc5 Qb8 29.f4 Bd3 30.h4 Qf8 31.Qc3 Bf5 32.Bf3 Qd8 33.g4 Be4 
34.Bxe4 dxe4 35.Qe1 Qd3 36.h5 Qh3 37.h6+ Kxh6 38.g5+ Kh5 39.Qxe4 Kg4 40.
f5+ Kxg5 41.fxe6 fxe6 42.Qb7 Kf4 43.Qc7 h5 44.Qb8 Qe3+ 45.Kh1 Qxe5 46.Qf8+
Qf5 47.Qd6+ e5 48.Qd2+ Kg4 49.Qg2+ Kh4 50.Qf2+ Kg5 51.Qg2+ Qg4 52.Qd2+ Qf4
53.Qd8+ Qf6 54.Qd2+ Kg6 55.Qc2+ Kh6 56.Qd2+ Qf4 57.Qd6+ Kg5 58.Qd8+ Kg4 
59.Qg8+ Kf3 60.Qg2+ Ke3 61.Qf2+ Kd3 62.Qg3+ Qe3 63.Qg8 Qe4+ 64.Kh2 Qh4+ 
65.Kg2 Qg4+ 0-1

[Event "Schwaebische Meisterschaft 2024 A"]
[Site "Augsburg"]
[Date "2024.05.09"]
[Round "2.3"]
[White "Belevtsov, Vladimir"]
[Black "Kottmair, Toni"]
[Result "0-1"]
[WhiteElo "1941"]
[BlackElo "2121"]
[Time "16:00:00"]
[WhiteTeam "SK Kriegshaber"]
[BlackTeam "SK Koenigsbrunn"]

1.d4 Nf6 2.Nf3 g6 3.c4 Bg7 4.Nc3 d5 5.Bg5 Ne4 6.Bf4 Nxc3 7.bxc3 c5 8.e3 
Nc6 9.Be2 dxc4 10.Bxc4 cxd4 11.cxd4 Qa5+ 12.Qd2 O-O 13.Rd1 Bf5 14.O-O Qxd2
15.Rxd2 Na5 16.Be2 Rac8 17.Ne5 h5 18.f3 f6 19.Nd3 g5 20.e4 Bg6 21.Bg3 Nc4 
22.Rc2 Ne3 23.Rxc8 Rxc8 24.Rc1 Rxc1+ 25.Nxc1 f5 26.e5 Bf7 27.Be1 Bd5 28.
Kf2 Nc2 29.Bc3 e6 30.Bd1 Na3 31.Bb3 Bxb3 32.axb3 Nb5 33.Bb2 Nc7 34.Nd3 Bf8
35.g3 Nd5 36.h3 b6 37.Bc1 Be7 38.g4 hxg4 39.hxg4 f4 40.Ke2 Kf7 41.Kd2 Ke8 
42.Nb2 Kd7 43.Kd3 Ba3 44.Kc2 Nb4+ 45.Kc3 Na2+ 46.Kc2 Nxc1 47.Nc4 Ne2 48.
Kd3 Nxd4 49.Kxd4 Bb4 50.Nb2 Kc6 51.Kc4 a5 52.Nd3 b5+ 53.Kd4 Bd2 54.Nb2 Bc1
55.Nd3 Be3+ 56.Ke4 Bc5 57.Nb2 Bb6 58.Nd3 Ba7 59.Nb2 Bc5 60.Nd3 a4 61.bxa4 
bxa4 62.Nc1 Kb5 63.Kd3 Kb4 64.Kc2 Kc4 0-1

[Event "Schwaebische Meisterschaft 2024 A"]
[Site "Augsburg"]
[Date "2024.05.09"]
[Round "2.4"]
[White "Poniatowski, Pawel"]
[Black "Kamenskyi, Dmytro"]
[Result "0-1"]
[WhiteElo "2058"]
[BlackElo "2045"]
[Time "16:00:00"]
[WhiteTeam "SK Klosterlechfeld"]
[BlackTeam "SK Kriegshaber"]

1.e4 e6 2.d3 c5 3.Nf3 Nc6 4.Nbd2 g6 5.e5 d5 6.exd6 Nf6 7.Qe2 Bg7 8.c3 Qxd6
9.Ng5 Qe7 10.Nde4 Nd5 11.Nf3 h6 12.h4 b6 13.h5 f5 14.Nh4 fxe4 15.dxe4 Nxc3
16.Qd2 Nxe4 17.Qc2 Nd6 18.Nxg6 Qf6 19.Nxh8 Bxh8 20.Qg6+ Kd7 21.Qxh6 Qe5+ 
22.Qe3 Nb4 23.Qxe5 Bxe5 24.Rb1 Bb7 25.a3 Be4 26.axb4 Bxb1 27.bxc5 bxc5 28.
f4 Bd4 29.g4 Rg8 30.Be2 Ne4 31.Rh2 Nd6 32.h6 Ke7 33.Rh3 c4 34.Rh2 Be4 35.
Bd1 Bd3 36.g5 Bg6 37.Bc2 Kf7 38.Bxg6+ Kxg6 39.h7 Rh8 40.Rh6+ Kf7 41.Rh2 
Nf5 42.Rc2 Rxh7 43.Rxc4 Rh1+ 44.Ke2 Rh2+ 45.Kd3 Bxb2 46.Rc7+ Kg6 47.Bxb2 
Rxb2 48.Rxa7 Rb3+ 49.Kd2 Rb4 50.Ra6 Kf7 51.Ra7+ Kg6 52.Ra6 Rd4+ 53.Ke2 Rd6
54.Ra5 Kh5 55.Kf3 Rd3+ 56.Ke2 Re3+ 57.Kf2 Kg4 58.Ra7 Kxf4 59.g6 Rf3+ 60.
Ke2 Rg3 61.Ra4+ Ke5 62.Kf2 Rxg6 63.Rb4 Nd4 64.Ra4 Ke4 65.Rb4 e5 66.Ra4 Rb6
67.Ra3 Rb2+ 68.Kg3 Rb3+ 0-1

[Event "Schwaebische Meisterschaft 2024 A"]
[Site "Augsburg"]
[Date "2024.05.09"]
[Round "2.5"]
[White "Luhn, Robert"]
[Black "Filin, Denys"]
[Result "1/2-1/2"]
[WhiteElo "1988"]
[BlackElo "1946"]
[Time "16:00:00"]
[WhiteTeam "SK Caissa Augsburg"]
[BlackTeam "SK Kriegshaber"]

1.d4 Nf6 2.Nf3 c5 3.d5 d6 4.c4 b5 5.cxb5 a6 6.b6 Nbd7 7.Nc3 g6 8.e4 Bg7 9.
h3 O-O 10.Be2 Nxb6 11.O-O Bd7 12.a4 Ra7 13.Be3 Ne8 14.Nd2 f5 15.a5 Na8 16.
f4 fxe4 17.Ndxe4 Nac7 18.b4 Nb5 19.Nxb5 axb5 20.Rc1 Bf5 21.Ng5 Nf6 22.g4 
Bd7 23.Bf3 h6 24.Ne6 Bxe6 25.dxe6 Ra6 26.Bb7 Ra7 27.a6 Qb8 28.bxc5 dxc5 
29.Qf3 Ne8 30.Rxc5 Nd6 31.Rb1 Nxb7 32.Rcxb5 Rxa6 33.Rxb7 Qd6 34.R7b6 Rxb6 
35.Rxb6 Qd3 36.Kg2 Bd4 37.Bxd4 Qxd4 38.Qf2 Qxf4 39.Qxf4 Rxf4 40.Rb8+ Rf8 
41.Rb7 Re8 42.h4 1/2-1/2

[Event "Schwaebische Meisterschaft 2024 A"]
[Site "Augsburg"]
[Date "2024.05.09"]
[Round "2.6"]
[White "Vuong, Anh-Tu"]
[Black "Glaser, Christian"]
[Result "1/2-1/2"]
[WhiteElo "1998"]
[BlackElo "2025"]
[Time "16:00:00"]
[WhiteTeam "TSV Landsberg 1882"]
[BlackTeam "BC Aichach"]

1.d4 d5 2.c4 c6 3.Nf3 Nf6 4.g3 e6 5.Bg2 Bb4+ 6.Nbd2 O-O 7.O-O Nbd7 8.Qc2 
Re8 9.e4 dxe4 10.Nxe4 Nxe4 11.Qxe4 Be7 12.Bf4 c5 13.Rfd1 Qb6 14.Rab1 cxd4 
15.Nxd4 Bc5 16.b4 Bxd4 17.Qxd4 e5 18.Qxb6 axb6 19.Be3 Rxa2 20.Bh3 Nf8 21.
Bg2 Nd7 22.Bxb7 Bxb7 23.Rxd7 Be4 24.Rc1 Rb2 25.b5 Rc8 26.Bxb6 Rxb5 27.Rcd1
Rb1 28.Rxb1 Bxb1 29.f3 Ba2 30.c5 Kf8 31.Kf2 Ke8 32.Ra7 Bd5 33.Bc7 Ra8 34.
Rxa8+ Bxa8 35.Bxe5 g6 36.Ke3 h5 37.g4 Kd7 38.h3 Ke6 39.Bc7 Bc6 40.Kf4 Bd5 
41.Bd6 Bc6 42.Kg3 Bd5 43.Bb8 Bc6 44.f4 hxg4 45.Kxg4 Kf6 46.Be5+ Ke6 47.Kg5
Kd5 48.Bd6 Ke6 49.h4 Be4 50.Kh6 Kf6 51.Be5+ Ke6 52.Kg7 Bd5 53.Bb8 Be4 54.
Kf8 Bc6 55.Bd6 Bb5 56.f5+ Kxf5 57.Kxf7 Bc4+ 58.Kg7 Bd5 59.Kf8 Ke6 60.Bg3 
Bc6 61.Kg7 Be4 1/2-1/2

[Event "Schwaebische Meisterschaft 2024 A"]
[Site "Augsburg"]
[Date "2024.05.09"]
[Round "2.7"]
[White "Hornung, Hans, Dr."]
[Black "Holuba, Stefan"]
[Result "1-0"]
[WhiteElo "2013"]
[BlackElo "1902"]
[Time "16:00:00"]
[WhiteTeam "SK Klosterlechfeld"]
[BlackTeam "SK Caissa Augsburg"]

1.d4 Nf6 2.Bg5 d5 3.e3 e6 4.c4 c5 5.Nc3 Be7 6.Nf3 O-O 7.cxd5 exd5 8.dxc5 
Bxc5 9.Be2 Nc6 10.O-O Be6 11.Rc1 Be7 12.Nd4 Ne4 13.Nxc6 bxc6 14.Bxe7 Qxe7 
15.Nxe4 dxe4 16.Qa4 Rab8 17.b3 Bd5 18.Rfd1 Rb4 19.Qa5 Rfb8 20.Qc5 Kf8 21.
h4 Qxc5 22.Rxc5 Ke7 23.Rdc1 Kd6 24.Ra5 R8b7 25.Kf1 h6 26.h5 f6 27.Ke1 Rc7 
28.Rcc5 Rcb7 29.Kd2 R4b6 30.Kc3 Rb4 31.Ba6 R7b6 32.Bc4 Bxc4 33.Rxc4 Rxc4+ 
34.Kxc4 Rb7 35.b4 Re7 36.Ra6 Rb7 37.a3 Re7 38.b5 Rc7 39.Kd4 f5 40.Rxc6+ 
Rxc6 41.bxc6 Kxc6 42.Ke5 Kb5 43.Kxf5 Ka4 44.Kg6 Kxa3 45.Kxg7 Kb3 46.Kxh6 
a5 47.Kg6 a4 48.h6 a3 49.h7 1-0

[Event "Schwaebische Meisterschaft 2024 A"]
[Site "Augsburg"]
[Date "2024.05.10"]
[Round "3.1"]
[White "Blodig, Vincent"]
[Black "Herb, Stefan"]
[Result "1/2-1/2"]
[WhiteElo "1900"]
[BlackElo "2121"]
[Time "10:00:00"]
[WhiteTeam "SF Augsburg"]
[BlackTeam "SAbt TSV Haunstetten"]

1.e4 e6 2.d4 d5 3.e5 c5 4.c3 Nc6 5.Nf3 Qb6 6.a3 c4 7.g3 f6 8.Nbd2 fxe5 9.
Nxe5 Nxe5 10.dxe5 Bc5 11.Qh5+ g6 12.Qe2 Bd7 13.Bg2 Ne7 14.Rb1 O-O 15.O-O 
Qc7 16.Kh1 b5 17.f4 a5 18.Nf3 b4 19.axb4 axb4 20.Be3 Ra2 21.Rfc1 Rb8 22.
Bxc5 Qxc5 23.Qd1 Nf5 24.Bh3 Qe3 25.Bxf5 gxf5 26.Ng5 d4 27.Kg2 Bc6+ 28.Kh3 
h6 29.Qh5 hxg5 30.Qxg5+ Kh7 31.Qe7+ Kh8 32.Ra1 Rxa1 33.Rxa1 Qf3 34.Qf6+ 
Kg8 35.Qxe6+ Kh8 36.Qf6+ Kg8 37.Qg5+ Kh8 38.Kh4 Qg4+ 39.Qxg4 fxg4 40.cxd4 
c3 41.bxc3 b3 42.Kxg4 Be4 43.Re1 b2 44.Kg5 b1=Q 45.Rxb1 Rxb1 46.c4 Rb4 47.
d5 Rxc4 48.d6 Kg7 49.g4 Rc5 50.h4 Kf7 51.h5 Ke6 52.Kh6 Rc8 53.Kg7 Ra8 54.
h6 Ra7+ 55.Kg8 Ra8+ 56.Kg7 Ra7+ 1/2-1/2

[Event "Schwaebische Meisterschaft 2024 A"]
[Site "Augsburg"]
[Date "2024.05.10"]
[Round "3.2"]
[White "Kottmair, Toni"]
[Black "Kamenskyi, Dmytro"]
[Result "1/2-1/2"]
[WhiteElo "2121"]
[BlackElo "2045"]
[Time "10:00:00"]
[WhiteTeam "SK Koenigsbrunn"]
[BlackTeam "SK Kriegshaber"]

1.d4 e6 2.e4 d5 3.Nc3 Bb4 4.e5 Ne7 5.Bd2 b6 6.Nb1 Bxd2+ 7.Nxd2 Qd7 8.Ngf3 
Ba6 9.Bxa6 Nxa6 10.O-O c5 11.c3 Rc8 12.Qe2 Nb8 13.Rfd1 c4 14.Nf1 Nbc6 15.
Ne3 Na5 16.Rf1 b5 17.Nd2 b4 18.cxb4 Nac6 19.Nc2 Qb7 20.Nb1 Nxb4 21.Nxb4 
Qxb4 22.Nc3 Rb8 23.Rab1 O-O 24.Rfc1 Nc6 25.Qe3 Qb6 26.Ne2 Qb5 27.Nc3 Qb6 
28.Ne2 1/2-1/2

[Event "Schwaebische Meisterschaft 2024 A"]
[Site "Augsburg"]
[Date "2024.05.10"]
[Round "3.3"]
[White "Schoenwetter, Martin"]
[Black "Weichlein, Paul"]
[Result "0-1"]
[WhiteElo "1902"]
[BlackElo "2039"]
[Time "10:00:00"]
[WhiteTeam "SG Augsburg 1873"]
[BlackTeam "SAbt TSV Haunstetten"]

1.c4 f5 2.d4 Nf6 3.Nc3 e6 4.g3 d5 5.Bg2 c6 6.cxd5 exd5 7.e3 Bd6 8.Nge2 
Nbd7 9.O-O O-O 10.Qc2 Qe8 11.Nf4 Ne4 12.Rb1 a5 13.a3 Ndf6 14.Na4 g5 15.Nd3
Qh5 16.f3 Nxg3 17.hxg3 Bxg3 18.Bh1 f4 19.exf4 Bf5 20.Qg2 Bxd3 21.Qxg3 Bxb1
22.fxg5 Ne4 23.Qg2 Rf5 24.Nc3 Bd3 25.Re1 Qh4 26.Rd1 Nxc3 27.Rxd3 Re8 28.
Be3 Qe1+ 29.Kh2 Rxe3 30.Rxe3 Qxe3 31.Qg4 Rxg5 32.Qc8+ Kg7 0-1

[Event "Schwaebische Meisterschaft 2024 A"]
[Site "Augsburg"]
[Date "2024.05.10"]
[Round "3.4"]
[White "Filin, Denys"]
[Black "Hornung, Hans, Dr."]
[Result "0-1"]
[WhiteElo "1946"]
[BlackElo "2013"]
[Time "10:00:00"]
[WhiteTeam "SK Kriegshaber"]
[BlackTeam "SK Klosterlechfeld"]

1.d4 Nf6 2.Nf3 d6 3.c4 g6 4.b3 Bg7 5.Bb2 O-O 6.g3 c5 7.Bg2 d5 8.O-O Nc6 9.
Na3 Be6 10.dxc5 dxc4 11.Ng5 Bg4 12.f3 Qa5 13.Nh3 c3 14.Bc1 Bxh3 15.Bxh3 
Rfd8 16.Qe1 Qxc5+ 17.Qf2 Qxf2+ 18.Kxf2 Nd5 19.Nc2 Ncb4 20.Nxb4 Nxb4 21.Bg5
c2 22.Rae1 Bc3 23.Rc1 Bd2 24.Bxe7 Bxc1 25.Bxb4 Rd1 26.e3 Bxe3+ 27.Ke2 Rxf1
0-1

[Event "Schwaebische Meisterschaft 2024 A"]
[Site "Augsburg"]
[Date "2024.05.10"]
[Round "3.5"]
[White "Poniatowski, Pawel"]
[Black "Luhn, Robert"]
[Result "0-1"]
[WhiteElo "2058"]
[BlackElo "1988"]
[Time "10:00:00"]
[WhiteTeam "SK Klosterlechfeld"]
[BlackTeam "SK Caissa Augsburg"]

1.e4 c5 2.Nf3 d6 3.d4 cxd4 4.Nxd4 Nf6 5.f3 e6 6.Be3 a6 7.Qd2 Qc7 8.c4 b6 
9.Nc3 Be7 10.O-O-O Bb7 11.g4 Nc6 12.Kb1 Ne5 13.b3 Nxf3 14.Nxf3 Nxe4 15.Qc2
Nxc3+ 16.Qxc3 Bxf3 17.Qxg7 Rf8 18.Bd3 Qb7 19.Rhe1 Bxd1 20.Rxd1 Qf3 21.Re1 
Bf6 22.Qxh7 Qg2 23.Bc2 Rh8 24.Qd3 Qc6 25.Bf4 O-O-O 26.Qe3 Qc5 27.g5 Bd4 
28.Qf3 Kb8 29.Be4 Ka7 30.Be5 f5 31.Bxh8 Rxh8 32.Bd3 Be5 0-1

[Event "Schwaebische Meisterschaft 2024 A"]
[Site "Augsburg"]
[Date "2024.05.10"]
[Round "3.6"]
[White "Glaser, Christian"]
[Black "Belevtsov, Vladimir"]
[Result "1-0"]
[WhiteElo "2025"]
[BlackElo "1941"]
[Time "10:00:00"]
[WhiteTeam "BC Aichach"]
[BlackTeam "SK Kriegshaber"]

1.d4 Nf6 2.c4 e6 3.Nc3 d5 4.cxd5 exd5 5.Bg5 c6 6.e3 Be7 7.Bd3 Na6 8.Nge2 
Nc7 9.Qc2 g6 10.O-O-O Ne6 11.Bh4 Bd7 12.Kb1 Qa5 13.f3 O-O-O 14.Nc1 Qc7 15.
Bg3 Bd6 16.Nb5 cxb5 17.Bxd6 Qxc2+ 18.Bxc2 Rhe8 19.Rhe1 Bc6 20.Bg3 Nd7 21.
Nd3 f6 22.Rc1 Nb6 23.b3 Kd7 24.Nf4 f5 25.h4 Nxf4 26.Bxf4 Re6 27.h5 Rg8 28.
hxg6 hxg6 29.Rh1 Re7 30.Rcg1 Rf7 31.g4 Rgf8 32.Rh6 Rf6 33.Be5 Re6 34.gxf5 
gxf5 35.Rg7+ Re7 36.Rxe7+ Kxe7 37.Bd6+ 1-0

[Event "Schwaebische Meisterschaft 2024 A"]
[Site "Augsburg"]
[Date "2024.05.10"]
[Round "3.7"]
[White "Holuba, Stefan"]
[Black "Vuong, Anh-Tu"]
[Result "0-1"]
[WhiteElo "1902"]
[BlackElo "1998"]
[Time "10:00:00"]
[WhiteTeam "SK Caissa Augsburg"]
[BlackTeam "TSV Landsberg 1882"]

1.e4 c5 2.Nf3 d6 3.Bb5+ Bd7 4.Bxd7+ Qxd7 5.O-O Nc6 6.c3 d5 7.exd5 Qxd5 8.
d4 e6 9.Re1 Nf6 10.Nbd2 cxd4 11.cxd4 Nxd4 12.Qa4+ Nc6 13.Nf1 Be7 14.Bd2 
O-O 15.Bc3 Rfd8 16.Ng3 b5 17.Qh4 Qd3 18.Qh3 b4 19.Bd2 Nd4 20.Nxd4 Qxd4 21.
Bg5 Qxb2 22.Qh4 Qd4 23.Nf5 Qxh4 24.Nxe7+ Kf8 25.Bxh4 Kxe7 26.f3 a5 27.g4 
h6 28.Rac1 Rac8 29.g5 hxg5 30.Bxg5 Rxc1 31.Rxc1 Rd5 32.h4 Kd7 33.Kf2 Rf5 
34.Bxf6 Rxf6 35.Rc4 Rf5 36.Rg4 g6 37.Ke3 Kc6 38.Rd4 Kb5 39.Rd7 Ka4 40.Rd3 
Rd5 41.Rb3 Kb5 42.a4+ 0-1

[Event "Schwaebische Meisterschaft 2024 A"]
[Site "Augsburg"]
[Date "2024.05.10"]
[Round "4.1"]
[White "Kamenskyi, Dmytro"]
[Black "Blodig, Vincent"]
[Result "0-1"]
[WhiteElo "2045"]
[BlackElo "1900"]
[Time "16:00:00"]
[WhiteTeam "SK Kriegshaber"]
[BlackTeam "SF Augsburg"]

1.Nf3 d5 2.g3 Nd7 3.d4 Ngf6 4.Bg2 b5 5.a4 b4 6.c4 bxc3 7.Nxc3 e6 8.O-O Be7
9.Bf4 c6 10.a5 Ba6 11.Re1 O-O 12.Qa4 c5 13.e4 cxd4 14.Qxd4 Bc5 15.Qd1 Ng4 
16.Be3 Nxe3 17.fxe3 dxe4 18.Nxe4 Bb4 19.Nd4 Rc8 20.Nc3 Ne5 21.Be4 Qg5 22.
Nc2 Rfd8 23.Nxb4 Rxd1 24.Raxd1 Bc4 25.Bb7 Rb8 26.a6 h5 27.Rd4 Bxa6 28.Bg2 
Bb7 29.Ne4 Bxe4 30.Bxe4 h4 31.Kg2 a5 32.Nd3 Nxd3 33.Bxd3 hxg3 34.hxg3 
Rxb2+ 35.Kh3 g6 36.Rf4 Qh5+ 37.Rh4 Qd5 38.Bf1 Qf5+ 39.Rg4 Qf2 0-1

[Event "Schwaebische Meisterschaft 2024 A"]
[Site "Augsburg"]
[Date "2024.05.10"]
[Round "4.2"]
[White "Herb, Stefan"]
[Black "Luhn, Robert"]
[Result "0-1"]
[WhiteElo "2121"]
[BlackElo "1988"]
[Time "16:00:00"]
[WhiteTeam "SAbt TSV Haunstetten"]
[BlackTeam "SK Caissa Augsburg"]

1.e4 c5 2.Nf3 d6 3.d4 cxd4 4.Nxd4 Nf6 5.Nc3 a6 6.Be3 e6 7.Be2 Qc7 8.O-O b5
9.f3 Be7 10.Qd2 Bb7 11.a4 b4 12.Na2 d5 13.exd5 Nxd5 14.Bf2 Bd6 15.g3 Nd7 
16.c4 bxc3 17.Nxc3 N7f6 18.Rfc1 Qa5 19.Nb3 Qd8 20.Nc5 Bc8 21.Bc4 Qa5 22.
N5e4 Bb4 23.Nxf6+ Nxf6 24.Qe3 Bb7 25.Be2 O-O 26.Qb6 Qxb6 27.Bxb6 Rac8 28.
a5 Rc6 29.Na2 Bd2 30.Rxc6 Bxc6 31.Bxa6 Ra8 32.Rd1 Bxa5 33.Bxa5 Rxa6 34.b4 
g5 35.Kf2 g4 36.f4 Ne4+ 37.Ke3 Bd5 38.Rc1 Nd6 39.Nc3 Nc4+ 40.Kd4 Nxa5 41.
bxa5 Rxa5 42.f5 Bf3 43.fxe6 fxe6 44.Ke3 Kg7 45.h3 h5 46.hxg4 hxg4 47.Rc2 
Kg6 48.Ra2 Re5+ 49.Kf2 Rh5 50.Ke3 Re5+ 51.Kf2 Rc5 52.Nb1 Rh5 53.Nc3 e5 54.
Ra6+ Kf5 55.Ke3 Rh3 56.Kf2 Rh2+ 57.Ke3 Rg2 58.Nb5 Re2+ 59.Kd3 e4+ 60.Kd4 
Rd2+ 61.Kc3 Rd3+ 62.Kc2 Ke5 63.Nc3 Kd4 64.Rd6+ Ke3 65.Re6 Rd2+ 66.Kc1 Rg2 
67.Nd5+ Kf2 68.Kd2 Kxg3+ 69.Ke3 Re2+ 70.Kd4 Kf2 71.Nf4 Rd2+ 72.Ke5 e3 73.
Kf5 e2 0-1

[Event "Schwaebische Meisterschaft 2024 A"]
[Site "Augsburg"]
[Date "2024.05.10"]
[Round "4.3"]
[White "Weichlein, Paul"]
[Black "Kottmair, Toni"]
[Result "1-0"]
[WhiteElo "2039"]
[BlackElo "2121"]
[Time "16:00:00"]
[WhiteTeam "SAbt TSV Haunstetten"]
[BlackTeam "SK Koenigsbrunn"]

1.d4 Nf6 2.c4 e6 3.Nc3 d5 4.cxd5 exd5 5.Bg5 Be7 6.e3 c6 7.Qc2 Nbd7 8.Bd3 
O-O 9.Nf3 Re8 10.O-O Nf8 11.Rab1 g6 12.Ne5 Nh5 13.Bh6 Ng7 14.Bxg7 Kxg7 15.
b4 Bd6 16.b5 c5 17.f4 c4 18.Be2 Bf5 19.e4 dxe4 20.g4 Bc8 21.Nxe4 Ne6 22.
Rbd1 Bc7 23.Qxc4 f6 24.f5 fxe5 25.fxe6 Bxe6 26.d5 Bb6+ 27.Kh1 Bf7 28.Nf6 
Rf8 29.g5 Rh8 30.Qe4 Qd6 31.Rf3 h6 32.Qg4 h5 33.Qg3 Bc7 34.Ne4 Qb4 35.
Rxf7+ Kxf7 36.Qf3+ Ke8 37.d6 Bd8 1-0

[Event "Schwaebische Meisterschaft 2024 A"]
[Site "Augsburg"]
[Date "2024.05.10"]
[Round "4.4"]
[White "Hornung, Hans, Dr."]
[Black "Glaser, Christian"]
[Result "1/2-1/2"]
[WhiteElo "2013"]
[BlackElo "2025"]
[Time "16:00:00"]
[WhiteTeam "SK Klosterlechfeld"]
[BlackTeam "BC Aichach"]

1.Nf3 d5 2.d4 Nf6 3.c4 c6 4.Qb3 e6 5.g3 Be7 6.Bg2 O-O 7.O-O c5 8.cxd5 Nxd5
9.dxc5 Bxc5 10.Nc3 Nxc3 11.Qxc3 Qb6 12.Bf4 Bd7 13.Ne5 Bb5 14.Nd3 Bd4 15.
Qb3 Nc6 16.a4 1/2-1/2

[Event "Schwaebische Meisterschaft 2024 A"]
[Site "Augsburg"]
[Date "2024.05.10"]
[Round "4.5"]
[White "Schoenwetter, Martin"]
[Black "Vuong, Anh-Tu"]
[Result "0-1"]
[WhiteElo "1902"]
[BlackElo "1998"]
[Time "16:00:00"]
[WhiteTeam "SG Augsburg 1873"]
[BlackTeam "TSV Landsberg 1882"]

1.c4 Nf6 2.Nc3 g6 3.g3 Bg7 4.Bg2 O-O 5.e4 d6 6.Nge2 c5 7.O-O Nc6 8.d3 Rb8 
9.h3 a6 10.Be3 b5 11.Rb1 Ne8 12.Qd2 Nc7 13.Nd5 Ne6 14.Bh6 Ned4 15.Nxd4 
Nxd4 16.Bxg7 Kxg7 17.f4 bxc4 18.dxc4 e6 19.Ne3 f5 20.exf5 gxf5 21.Nc2 Qf6 
22.Nxd4 Qxd4+ 23.Qxd4+ cxd4 24.b4 e5 25.a4 e4 26.Rfd1 d3 27.b5 Be6 28.g4 
Bxc4 29.gxf5 d5 30.Kf2 axb5 31.axb5 Rxb5 32.Ke3 Rxb1 33.Rxb1 Kf6 34.Kd4 
Re8 35.h4 e3 36.Rb6+ Kxf5 37.Bh3+ Kxf4 0-1